000 00504pab a2200181 454500
008 180718b1962 xxu||||| |||| 00| 0 eng d
100 _aSubbaramaiah, S.
245 _aConsumer and the public enterprises: The divisional railway users' consultative council (Notes)
260 _c1962
300 _ap.373-379.
362 _aJul-Sep
650 _aPublic sector
650 _aRailways
650 _aConsumers
773 _aIndian Journal of Public Administration
908 _aN
909 _a100431
999 _c100430
_d100430